[Event "Frankfurt-ch"]
[Site "Frankfurt"]
[Date "2010.06.07"]
[Round "6"]
[White "Ganjian, Mehrdad"]
[Black "Schwenkreis, Thomas"]
[Result "0-1"]
[WhiteElo "1890"]
[BlackElo "2092"]
[PlyCount "72"]
[EventDate "2010.04.26"]
[EventType "swiss"]
[EventRounds "7"]
[EventCountry "GER"]
[SourceTitle "EXT 2011"]
[Source "ChessBase"]
[SourceDate "2010.11.26"]
[SourceVersion "1"]
[SourceVersionDate "2010.11.26"]
[SourceQuality "1"]

1. d4 Nf6 2. Nf3 d6 3. Bf4 Nbd7 4. e3 g6 5. c3 Bg7 6. Bc4 0-0 7. h3 a6 8. Nbd2 b5 9. Be2 c5 10. 0-0 Bb7 11. Rc1 Qb6 12. Re1 Rfd8 13. Bf1 e5 14. Bg5 Re8 15. Qb3 Nh5 16. g4 Nhf6 17. Bh4 h6 18. Bg3 Re7 19. Bg2 Rae8 20. dxe5 dxe5 21. Nf1 e4 22. Nh4 c4 23. Qc2 Nc5 24. Re2 Nd3 25. Rb1 h5 26. Nh2 Bc8 27. g5 Nh7 28. Bf4 Qc5 29. b4 Qd5 30. f3 Nxg5 31. fxe4 Nxe4 32. N2f3 Nxc3 33. Nd4 Nxe2+ 34. Nxe2 Qd8 35. Nf3 Qb6 36. Rf1 Nxf4 0-1

[Event "Frankfurt-ch"]
[Site "Frankfurt"]
[Date "2010.05.03"]
[Round "2"]
[White "Rolf, Marco"]
[Black "Ganjian, Mehrdad"]
[Result "0-1"]
[WhiteElo "1479"]
[BlackElo "1890"]
[PlyCount "56"]
[EventDate "2010.04.26"]
[EventType "swiss"]
[EventRounds "7"]
[EventCountry "GER"]
[SourceTitle "EXT 2011"]
[Source "ChessBase"]
[SourceDate "2010.11.26"]
[SourceVersion "1"]
[SourceVersionDate "2010.11.26"]
[SourceQuality "1"]

1. e4 d6 2. d4 g6 3. Bd3 Bg7 4. Ne2 e5 5. dxe5 dxe5 6. 0-0 Nf6 7. f4 exf4 8. Nxf4 Ng4 9. Bb5+ Bd7 10. Qxg4 Bxb5 11. Rd1 Bd7 12. Qf3 c6 13. Kh1 h5 14. Nc3 Qh4 15. g3 Qe7 16. Rd3 Bg4 17. Qg2 h4 18. Nfd5 cxd5 19. Nxd5 h3 20. Qd2 Qxe4+ 21. Kg1 0-0 22. Re3 Qd4 23. Nc7 Nc6 24. Nxa8 Rxa8 25. Kh1 Rd8 26. Rd3 Qe4+ 27. Kg1 Bd4+ 28. Rxd4 Rxd4 0-1

[Event "Frankfurt-ch"]
[Site "Frankfurt"]
[Date "2010.04.26"]
[Round "1"]
[White "Ganjian, Mehrdad"]
[Black "Tews, Artur"]
[Result "0-1"]
[WhiteElo "1890"]
[BlackElo "1765"]
[PlyCount "124"]
[EventDate "2010.04.26"]
[EventType "swiss"]
[EventRounds "7"]
[EventCountry "GER"]
[SourceTitle "EXT 2011"]
[Source "ChessBase"]
[SourceDate "2010.11.26"]
[SourceVersion "1"]
[SourceVersionDate "2010.11.26"]
[SourceQuality "1"]

1. d4 e6 2. Nf3 Nf6 3. Bf4 c5 4. e3 Nc6 5. c3 Be7 6. Nbd2 Qa5 7. Nc4 Qd8 8. h3 d5 9. Nce5 0-0 10. Bd3 Ne4 11. Qc2 f5 12. Nxc6 bxc6 13. Ne5 Qb6 14. 0-0 cxd4 15. exd4 c5 16. f3 cxd4 17. fxe4 dxe4 18. Nc4 Qc6 19. cxd4 exd3 20. Qxd3 Ba6 21. b3 Rad8 22. Be5 Bf6 23. Rfe1 Qd5 24. Rad1 Rc8 25. Rc1 Rfd8 26. Bxf6 gxf6 27. Red1 Rd7 28. Rc3 Rg7 29. Qc2 Bb7 30. Rd2 Kh8 31. Ne3 Rxc3 32. Qxc3 Qd8 33. Qc4 f4 34. Nf1 Bd5 35. Qc3 Qg8 36. Qc2 f5 37. Rf2 f3 38. g3 Qf7 39. Qc3 Qh5 40. Kh2 f4 41. Qc8+ Rg8 42. Qc7 fxg3+ 43. Nxg3 Qg5 44. Rc2 h5 45. Qe5+ Qxe5 46. dxe5 Rg5 47. Rf2 Rxe5 48. h4 Kh7 49. Nf1 Kg6 50. Nd2 Re3 51. Kg3 e5 52. Nf1 Rc3 53. Rd2 Bc6 54. Kf2 Kf5 55. Ne3+ Kf4 56. Nc4 e4 57. Rd6 Rc2+ 58. Kf1 Bb5 59. Rf6+ Kg3 60. Rg6+ Kxh4 61. Ke1 Bxc4 62. bxc4 e3 0-1

[Event "Frankfurt-ch"]
[Site "Frankfurt"]
[Date "2009.06.29"]
[Round "7"]
[White "Ganjian, Mehrdad"]
[Black "Koch, Markus"]
[Result "1/2-1/2"]
[WhiteElo "1834"]
[BlackElo "2008"]
[PlyCount "86"]
[EventDate "2009.04.27"]
[EventType "tourn"]
[EventRounds "7"]
[EventCountry "GER"]
[SourceTitle "EXT 2010"]
[Source "ChessBase"]
[SourceDate "2010.11.25"]
[SourceVersion "1"]
[SourceVersionDate "2010.11.25"]
[SourceQuality "1"]

1. d4 c5 2. d5 d6 3. c4 e5 4. Nc3 f5 5. e4 Nf6 6. Bd3 g6 7. Nge2 Bg7 8. f3 Na6 9. a3 0-0 10. Rb1 fxe4 11. Nxe4 Nxe4 12. Bxe4 Qh4+ 13. Ng3 Bd7 14. 0-0 Bh6 15. Bxh6 Qxh6 16. Qc1 Qh4 17. Qc2 Rf7 18. Rf2 Kg7 19. Qb3 Rb8 20. Qe3 b5 21. cxb5 Bxb5 22. Ne2 Bxe2 23. Qxe2 Rb6 24. g3 Qg5 25. Rbf1 Nc7 26. Kg2 Nb5 27. h4 Qe7 28. Qe3 Nd4 29. h5 g5 30. Bd3 Kh8 31. Qe4 Rb8 32. Qg4 a5 33. Re1 Rbf8 34. Be4 Rg8 35. h6 Rf6 36. Rff1 Qf7 37. Rc1 Ne2 38. Rce1 Nf4+ 39. Kf2 Qb7 40. gxf4 Qxb2+ 41. Re2 Qd4+ 42. Ke1 Qa1+ 43. Kf2 Qd4+ 1/2-1/2

[Event "Frankfurt-ch"]
[Site "Frankfurt"]
[Date "2009.05.04"]
[Round "2"]
[White "Kosak, Michael"]
[Black "Ganjian, Mehrdad"]
[Result "1-0"]
[WhiteElo "2128"]
[BlackElo "1834"]
[PlyCount "101"]
[EventDate "2009.04.27"]
[EventType "tourn"]
[EventRounds "7"]
[EventCountry "GER"]
[SourceTitle "EXT 2010"]
[Source "ChessBase"]
[SourceDate "2010.11.25"]
[SourceVersion "1"]
[SourceVersionDate "2010.11.25"]
[SourceQuality "1"]

1. d4 Nf6 2. c4 d6 3. Nc3 g6 4. e4 Bg7 5. Be2 Nbd7 6. Bg5 c6 7. Qd2 a6 8. a4 Qa5 9. Rd1 h6 10. Be3 c5 11. d5 Ne5 12. Qc2 h5 13. Bd2 Qc7 14. f4 Ned7 15. Nf3 Nf8 16. 0-0 Bg4 17. Rde1 N6d7 18. Kh1 e5 19. dxe6 fxe6 20. Ng5 Nf6 21. f5 gxf5 22. exf5 0-0-0 23. Bxg4 hxg4 24. fxe6 Re8 25. Bf4 Qc6 26. Nf7 Nxe6 27. Nxh8 Bxh8 28. Qf5 Qd7 29. Nd5 Nxd5 30. cxd5 Ng7 31. Rxe8+ Nxe8 32. Qf8 Bg7 33. Qg8 Kc7 34. Bh6 Bf6 35. b3 Kb6 36. Re1 Be5 37. Qg6 Qe7 38. Bf4 Qf6 39. Qxf6 Nxf6 40. Bxe5 dxe5 41. Rxe5 Ka5 42. Rf5 Nd7 43. Rf4 b5 44. Rxg4 Ne5 45. Re4 Nd7 46. h4 Nf6 47. d6 Kb6 48. Re6 Nd7 49. h5 c4 50. bxc4 bxc4 51. h6 1-0

[Event "Frankfurt-ch"]
[Site "Frankfurt"]
[Date "2007.06.04"]
[Round "5"]
[White "Jordake, Michael"]
[Black "Ganjian, Mehrdad"]
[Result "0-1"]
[WhiteElo "1612"]
[BlackElo "1798"]
[PlyCount "70"]
[EventDate "2007.04.30"]
[EventType "swiss"]
[EventRounds "7"]
[EventCountry "GER"]
[SourceTitle "EXT 2008"]
[Source "ChessBase"]
[SourceDate "2007.11.25"]
[SourceVersion "1"]
[SourceVersionDate "2007.11.25"]
[SourceQuality "1"]

1. e4 c6 2. d4 d5 3. exd5 cxd5 4. c4 e6 5. Nf3 Nf6 6. Bg5 Nc6 7. Nbd2 Qb6 8. Nb3 Bb4+ 9. Bd2 Ne4 10. c5 Bxd2+ 11. Nfxd2 Qc7 12. Nxe4 dxe4 13. Qd2 0-0 14. Be2 Ne7 15. Qe3 f5 16. 0-0 Bd7 17. a4 Bc6 18. Nd2 Rf6 19. Nc4 f4 20. Qa3 f3 21. Bd1 fxg2 22. Re1 Raf8 23. Qh3 Bd5 24. Ne3 Rxf2 25. Bg4 R2f6 26. Nxg2 Nc6 27. Qe3 e5 28. dxe5 Nxe5 29. Qd4 Bc6 30. Be2 Nf3+ 31. Bxf3 exf3 32. Rf1 fxg2 33. Rxf6 Rxf6 34. Qc4+ Qf7 35. Qd3 Rf1+ 0-1

[Event "Frankfurt-ch"]
[Site "Frankfurt"]
[Date "2005.05.30"]
[Round "5"]
[White "Ganjian, Mehrdad"]
[Black "Jordake, Michael"]
[Result "1-0"]
[WhiteElo "1808"]
[BlackElo "1593"]
[PlyCount "93"]
[EventDate "2005.04.25"]
[EventType "swiss"]
[EventRounds "7"]
[EventCountry "GER"]
[SourceTitle "EXT 2006"]
[Source "ChessBase"]
[SourceDate "2005.11.24"]
[SourceVersion "1"]
[SourceVersionDate "2005.11.24"]
[SourceQuality "1"]

1. c4 Nf6 2. Nf3 e6 3. d4 Bb4+ 4. Bd2 Bxd2+ 5. Nbxd2 b6 6. e4 d6 7. Be2 Bb7 8. Qc2 Nc6 9. 0-0 0-0 10. a3 Ne7 11. Rfd1 Ng6 12. Rac1 Qe7 13. b4 Rac8 14. Bf1 Rfd8 15. Re1 c5 16. bxc5 dxc5 17. d5 Nd7 18. Qc3 e5 19. a4 Rb8 20. g3 Nf6 21. Rb1 Bc8 22. Rb3 Bg4 23. Reb1 Rd6 24. Qe3 h6 25. Ne1 Qd7 26. a5 Bh3 27. Be2 Ng4 28. Bxg4 Qxg4 29. Nd3 Rc8 30. f3 Qd7 31. axb6 axb6 32. Rxb6 Rxb6 33. Rxb6 Qa4 34. Nf2 Bd7 35. Kg2 f5 36. Rxg6 f4 37. gxf4 exf4 38. Qxf4 Rf8 39. Qxh6 Qa1 40. Qe3 Kh7 41. Rd6 Qa7 42. e5 Bf5 43. e6 Qe7 44. Rd7 Qe8 45. Qg5 Bg6 46. Nde4 Kg8 47. Nd6 1-0

[Event "Frankfurt-ch"]
[Site "Frankfurt"]
[Date "2005.05.09"]
[Round "3"]
[White "Ganjian, Mehrdad"]
[Black "Lisanti, Marco"]
[Result "0-1"]
[WhiteElo "1808"]
[BlackElo "1988"]
[PlyCount "90"]
[EventDate "2005.04.25"]
[EventType "swiss"]
[EventRounds "7"]
[EventCountry "GER"]
[SourceTitle "EXT 2006"]
[Source "ChessBase"]
[SourceDate "2005.11.24"]
[SourceVersion "1"]
[SourceVersionDate "2005.11.24"]
[SourceQuality "1"]

1. c4 g6 2. d4 Nf6 3. Nc3 c5 4. d5 Bg7 5. e4 d6 6. Bd3 Na6 7. a3 Nc7 8. Rb1 a6 9. Nge2 Bd7 10. 0-0 b5 11. b3 0-0 12. Qc2 Ng4 13. f4 b4 14. axb4 cxb4 15. Nd1 a5 16. h3 Nh6 17. Bb2 Na6 18. Bxg7 Kxg7 19. Qb2+ Kg8 20. f5 Nc5 21. Qd2 Kg7 22. Bc2 f6 23. Nd4 Nf7 24. Nf2 Qb6 25. Kh1 g5 26. h4 Ne5 27. hxg5 Ncd3 28. Nf3 Nxf2+ 29. Rxf2 Ng4 30. Re2 h5 31. Nh4 Be8 32. Rf1 a4 33. Rf4 axb3 34. Rxg4 hxg4 35. Bxb3 g3 36. Qe1 fxg5 37. Qxg3 Ra1+ 38. Re1 Rxe1+ 39. Qxe1 Rh8 40. g3 Qd4 41. Qc1 Qxe4+ 42. Kh2 gxh4 43. Qg5+ Kf8 44. g4 Qe2+ 45. Kg1 h3 0-1